| 000 | 01132nam0a22002411 4500 | ||
|---|---|---|---|
| 001 | rc\2800553 | ||
| 005 | 20230601195913.0 | ||
| 035 | _a(NLR Aleph) 006926572 | ||
| 090 |
_a7503141 _c7503141 |
||
| 100 | _a20110915d1936 |||y0rusy50 ca | ||
| 101 | 0 | _arus | |
| 102 | _aRU | ||
| 105 | _aa z ||||| | ||
| 200 | 1 |
_aПроизводственные и бытовые условия рабочих Верх-Исетского металлургического завода им. И. Д. Кабакова _eОпыт соц.-гигиенич. характеристики _fВ. И. Величкин, зав. Кафедрой соц. гигиены Свердл. медин-та |
|
| 210 |
_aСвердловск _cСвердл. обл. гигиенич. ин-т _d1936 _gтип. газ.-журн. изд-ва "Ур. рабоч." |
||
| 215 |
_aОбл., 134, [2] с., 20 вкл. л. ил., диагр. _d21х14 см. |
||
| 700 | 1 |
_aВеличкин _bВ. И. _f1890-1953 _gВладимир Иванович |
|
| 801 | 0 |
_aRU _bNLR _gpsbo |
|
| 801 | 1 |
_aRU _bELAR _2rusmarc |
|
| 852 |
_aNLR _j36-3/1819 |
||
| 942 | _cBOOK | ||
| 980 | _aNB | ||